Online
Catalog
Normal view MARC view

Entry Nombre geográfico

Number of records used in: 9

001 - NÚMERO DE CONTROL

  • campo de control: 3531

003 - IDENTIFICADOR DEL NÚMERO DE CONTROL

  • campo de control: OSt

005 - FECHA Y HORA DE LA ÚLTIMA TRANSACCIÓN

  • campo de control: 20200615032035.0

008 - DATOS DE LONGITUD FIJA

  • campo de control de longitud fija: 200615|| aca||aabn | a|a d

040 ## - FUENTE DE LA CATALOGACIÓN

  • Centro catalogador/agencia de origen: OSt
  • Centro/agencia transcriptor: OSt

151 ## - ENCABEZAMIENTO--NOMBRE GEOGRÁFICO

  • Nombre geográfico: ESPAÑA
  • Subdivisión general: HISTORIA
  • Subdivisión cronológica: GUERRA CIVIL, 1936-1939

670 ## - FUENTE DE DATOS ENCONTRADOS

  • Cita de la fuente: Work cat.: (OSt)994: Romero, Luis 3529, Tres días de julio (18, 19 y 20 de 1936) /, 1968.

Powered by Koha